| Tag |
First Indicator |
Second Indicator |
Subfields |
| LEADER |
00000cam a22000001 4500 |
| 001 |
in00000055795 |
| 005 |
20151008052316.0 |
| 008 |
731212s1966 nyuak b 00010 eng |
| 010 |
|
|
|a 66025459
|
| 035 |
|
|
|a (OCoLC)00922182
|
| 035 |
|
|
|9 AAH2739AM
|
| 040 |
|
|
|a DLC
|c DLC
|d TXA
|d UtOrBLW
|
| 049 |
|
|
|a TXAM
|c [476858]
|
| 050 |
0 |
0 |
|a LC3981
|b .R3
|
| 082 |
0 |
|
|a 371.95
|
| 092 |
|
|
|a 371.95
|b R217b, 1966
|
| 100 |
1 |
|
|a Raph, Jane,
|d 1917-
|
| 245 |
1 |
0 |
|a Bright underachievers ;
|b studies of scholastic underachievement among intellectually superior high school students /
|c [by] Jane Beasley Raph, Miriam L. Goldberg [and] A. Harry Passow.
|
| 264 |
|
1 |
|a New York :
|b Teachers College Press,
|c 1966.
|
| 300 |
|
|
|a x, 289 pages :
|b illustrations, forms. ;
|c 24 cm.
|
| 336 |
|
|
|a text
|b txt
|2 rdacontent
|
| 337 |
|
|
|a unmediated
|b n
|2 rdamedia
|
| 338 |
|
|
|a volume
|b nc
|2 rdacarrier
|
| 500 |
|
|
|a "Published for the Horace Mann-Lincoln Institute of School Experimentation, Talented Youth Project."
|
| 504 |
|
|
|a Bibliography: pages 265-278.
|
| 650 |
|
0 |
|a Underachievers.
|
| 650 |
|
0 |
|a Gifted children
|x Education.
|
| 700 |
1 |
|
|a Goldberg, Miriam L.
|
| 700 |
1 |
|
|a Passow, A. Harry.
|
| 710 |
2 |
|
|a Horace Mann-Lincoln Institute of School Experimentation.
|b Talented Youth Project.
|
| 999 |
|
|
|a MARS
|
| 999 |
f |
f |
|s 5cebad72-cf00-3ef2-a32f-8435ca327ba6
|i e38c28d0-771d-39a2-9842-4388a9db32a8
|t 0
|
| 952 |
f |
f |
|p normal
|a Texas A&M University
|b College Station
|c Sterling C. Evans Library
|d Evans: Library Stacks
|t 0
|e LC3981 .R3
|h Library of Congress classification
|i unmediated -- volume
|m A14800847425
|
| 998 |
f |
f |
|a LC3981 .R3
|t 0
|l Evans: Library Stacks
|